Elements of power system analysis (Record no. 3209)

000 -LEADER
fixed length control field 00596nam a2200217 a 4500
001 - CONTROL NUMBER
control field 3209
003 - CONTROL NUMBER IDENTIFIER
control field BD-DhUET
008 - FIXED-LENGTH DATA ELEMENTS--GENERAL INFORMATION
fixed length control field 810331s1982 nyua 001 0 eng
020 ## - INTERNATIONAL STANDARD BOOK NUMBER
International Standard Book Number 0070612781
020 ## - INTERNATIONAL STANDARD BOOK NUMBER
International Standard Book Number 007061279X
040 ## - CATALOGING SOURCE
Original cataloging agency DLC
Transcribing agency DLC
Modifying agency BD-DhUET
082 00 - DEWEY DECIMAL CLASSIFICATION NUMBER
Classification number 623.12
Item number STE/1982
100 1# - MAIN ENTRY--PERSONAL NAME
Personal name Stevenson, William D.
245 10 - TITLE STATEMENT
Title Elements of power system analysis
250 ## - EDITION STATEMENT
Edition statement 4th ed.
260 ## - PUBLICATION, DISTRIBUTION, ETC. (IMPRINT)
Place of publication, distribution, etc. New York
Name of publisher, distributor, etc. McGraw-Hill
Date of publication, distribution, etc. 1982
300 ## - PHYSICAL DESCRIPTION
Extent xii, 436 p.
Other physical details ill.
Dimensions 25 cm.
490 ## - SERIES STATEMENT
Series statement McGRAW-HILL series in electrical engineering
650 #0 - SUBJECT ADDED ENTRY--TOPICAL TERM
Topical term or geographic name as entry element Electric power system stability
942 ## - ADDED ENTRY ELEMENTS (KOHA)
Koha item type General Book
Holdings
Lost status Koha full call number Koha renewals Withdrawn status Not for loan Price effective from Sublocation or collection (holding branch) Koha normalized classification for sorting Date acquired Koha item type Koha date last seen Source of classification or shelving scheme Location (home branch) Koha issues (times borrowed) Shelving location Copy number Damaged status Koha date last borrowed Piece designation (barcode)
 623.12/STE/1982   2014-10-22Central Library, BUET623_120000000000000_STE_19822014-10-22General Book2021-09-27 Central Library, BUET52Circulation section1 2021-09-27110313
 623.12/STE/1982   2015-02-10Central Library, BUET623_120000000000000_STE_19822015-02-10General Book2015-02-10 Central Library, BUET Circulation section2  69178
 623.12/STE/19822  2015-02-11Central Library, BUET623_120000000000000_STE_19822015-02-11General Book2021-08-31 Central Library, BUET22Circulation section3 2021-08-3178208
 623.12/STE/1982   2015-06-24Central Library, BUET623_120000000000000_STE_19822015-06-24Reading Item2015-06-24 Central Library, BUET Reading section4  67386
 623.12/STE/1982   2015-06-24Central Library, BUET623_120000000000000_STE_19822015-06-24Reading Item2015-06-24 Central Library, BUET Reading section5  67384
 623.12/STE/1982   2015-06-24Central Library, BUET623_120000000000000_STE_19822015-06-24Reading Item2015-06-24 Central Library, BUET Reading section6  67385
 623.12/STE/1982   2015-06-24Central Library, BUET623_120000000000000_STE_19822015-06-24Reading Item2015-06-24 Central Library, BUET Reading section7  63905
 623.12/STE/1982   2015-06-25Central Library, BUET623_120000000000000_STE_19822015-06-25Reading Item2015-06-25 Central Library, BUET Reading section8  63906
 623.12/STE/1982   2015-06-25Central Library, BUET623_120000000000000_STE_19822015-06-25Reading Item2015-06-25 Central Library, BUET Reading section9  63907
 623.12/STE/1982   2015-06-28Central Library, BUET623_120000000000000_STE_19822015-06-28Reading Item2015-06-28 Central Library, BUET Reading section10  63908